History Quiz

Random History or Blitz Quiz
Score 0/20 Timer 03:00
0 Plays Today
Person Lifespan % Correct
Neil Armstrong???
95.9%
John Lennon???
94.9%
Elvis Presley???
93.9%
Alfred Hitchcock???
93.6%
Albert Einstein???
91.7%
Elizabeth Taylor???
88.4%
Walt Disney???
88.2%
Mother Teresa???
84.9%
Ernest Hemingway???
84.4%
Christopher Columbus???
83.4%
Person Lifespan % Correct
Abraham Lincoln???
82.2%
Thomas Edison???
81.2%
Sigmund Freud???
77.8%
Mohandas Gandhi???
70.9%
Harry Houdini???
68.3%
Napoleon Bonaparte???
64%
Charles Dickens???
55%
William Shakespeare???
37.7%
Isaac Newton???
33%
Leonardo da Vinci???
32.2%
Remove Ads.
Support Sporcle.
Get the best of Sporcle when you Go Orange. This ad-free experience offers more features, more stats, and more fun while also helping to support Sporcle. Thank you for becoming a member.

You're not logged in!

Compare scores with friends on all Sporcle quizzes.
OR
Log In

Show Comments

Extras

Top Quizzes Today


Score Distribution

Your Account Isn't Verified!

In order to create a playlist on Sporcle, you need to verify the email address you used during registration. Go to your Sporcle Settings to finish the process.

Report this User

Report this user for behavior that violates our Community Guidelines.

Details: